Το χρονικό του χρόνου : από τη μεγάλη εκρηξη ώς τις μαύρες τρύπες

Αποθηκεύτηκε σε:
Λεπτομέρειες βιβλιογραφικής εγγραφής
Κύριος συγγραφέας: Hawking, Stephen 1942-
Άλλοι συγγραφείς: Χάρακας, Κωνσταντίνος (Μεταφραστής)
Μορφή: Βιβλίο
Γλώσσα:Greek
English
Δημοσίευση: Αθήνα : Κάτοπτρο, [198?].
Θέματα:
Ετικέτες: Προσθήκη ετικέτας
Δεν υπάρχουν, Καταχωρήστε ετικέτα πρώτοι!

MARC

LEADER 00000cam a2200000 i 4500
001 1/47599
008 941103q gr | ||| |||| ||gre||
020 |a 9607023021 
035 |a 1995  |l 10043107 
040 |a GR-MyUA  |b gre  |e AACR2 
041 1 |a gre  |h eng 
082 0 |a 523.1 
100 1 |a Hawking, Stephen  |d 1942- 
245 1 3 |a Το χρονικό του χρόνου :   |b από τη μεγάλη εκρηξη ώς τις μαύρες τρύπες /   |c Stephen W. Hawking ; μετάφραση και επιστημονική επιμέλεια Κωνσταντίνος Χάρακας.  
260 |a Αθήνα :   |b Κάτοπτρο,   |c [198?].  
300 |a 279 σ. ;   |c 21 εκ.  
500 |a Τίτλος πρωτοτύπου: A Brief History of Time-From the Big Bang to Black Holes 
650 0 0 |a Cosmology. 
700 1 |a Χάρακας, Κωνσταντίνος,  |e trl 
852 |a INST  |b SAMOS  |e 19950213  |h 523.1 HAW  |p 005300006264  |q 005300045706  |t BK  |y 0 
852 |a INST  |b SAMOS  |c MAG  |e 19941103  |h 523.1 HAW  |p 005300031951  |q 005300031951  |t BK  |y 0 
909 |a Σ  |b 035572 
909 |a Σ  |b 018141 
920 |a ΜΑΓΕΙΡΑΣ  |b ΠΑΝΑΓΙΩΤΗΣ  |y Σάμος  |z 2008-09